| 000 | 00930nam a2200277Ia 4500 | ||
|---|---|---|---|
| 003 | OSt | ||
| 005 | 20221005103339.0 | ||
| 006 | a|||||r|||| 00| 0 | ||
| 007 | ta | ||
| 008 | 221004b |||||||| |||| 00| 0 hin d | ||
| 020 |
_a9781684663828 (pbk) _cGift 335 |
||
| 024 | _a69847 | ||
| 037 |
_bGift, 03/11/2021, _cTextual |
||
| 040 |
_aCRL _cCRL _bhin |
||
| 041 |
_2hin _ahin |
||
| 082 | _aO152,3NDA,LA, Q9 | ||
| 100 | _aडबराल, रवि, ले. | ||
| 245 | 0 | _aलालच वासना लत | |
| 246 | _aLālach vāsanā lata | ||
| 260 |
_aचेन्नई _bनोटेशन प्रैस भारत _c2019 |
||
| 300 |
_a353पृ0 _ccm. |
||
| 650 | _a हिन्दी साहित्य | ||
| 650 | _aहिन्दी कहानी | ||
| 942 |
_hO152,3NDA,LA, Q9 _cTEXL _2cc |
||
| 999 |
_c1009903 _d1009903 |
||